America's Oldest Beers - Statistics

General Stats
  • This quiz has been taken 21 times
  • The average score is 9 of 30
Answer Stats
Year Introduced State of Origin Parent Company Answer % Correct
1873 Colorado Molson Coors Brewing Company Coors Banquet
89%
1876 Missouri Anheuser-Busch InBev SA/NV Budweiser
84%
1903 Wisconsin Molson Coors Brewing Company Miller High Life
84%
1844 Wisconsin Pabst Brewing Company Pabst Blue Ribbon Beer
74%
1829 Pennsylvania Yuengling Brewing Yuengling Lord Chesterfield Ale & Porter
68%
1878 New York Genesee Brewing Company Genesee
37%
1896 Missouri Anheuser-Busch InBev SA/NV Michelob Original Lager
37%
1872 Pennsylvania Straub Brewery Straub
37%
1896 California Anchor Brewing Company Anchor Steam Beer
32%
1884 Texas Pabst Brewing Company Lone Star
32%
1890 Rhode Island Narragansett Brewing Company Narragansett
32%
1860 Minnesota August Schell Brewing Company Schell’s
32%
1849 Wisconsin Pabst Brewing Company Schlitz
32%
1850 Michigan Pabst Brewing Company Stroh’s
26%
1865 Minnesota Miller Coors Company Hamm’s
21%
1902 Wisconsin Pabst Brewing Company Heileman’s Old Style
16%
1867 Wisconsin Molson Coors Brewing Company Leinenkugel’s Original
16%
1849 Wisconsin Pabst Brewing Company Old Milwaukee
16%
1883 Washington Pabst Brewing Company Rainier
16%
1878 New Jersey Pabst Brewing Company Ballantine IPA
11%
1846 Wisconsin Pabst Brewing Company Blatz Beer
11%
1896 Washington Pabst Brewing Company Olympia Beer
11%
1857 Wisconsin Stevens Point Brewery Point Special Lager
11%
1842 New York Pabst Brewing Company Schaefer
11%
1884 Minnesota Pabst Brewing Company Schmidt
11%
1905 Pennsylvania Lion Brewery Lionshead Pilsner
5%
1854 New York Pabst Brewing Company McSorley’s
5%
1885 Maryland Pabst Brewing Company National Bohemian Beer
5%
1897 Hawaii Pabst Brewing Company Primo
5%
1856 Oregon Hop Valley Brewing Weinhard’s Private Reserve
5%
No matching quizzes found
Score Distribution
Percent of People with Each Score
Percentile by Number Answered
Your Score History
You have not taken this quiz